000 00982cam a2200313 i 4500
001 123772
003 ARRUPE
005 20160919104312.0
008 821215s1948 nyuaf b 001 0 eng d
035 _a(OCoLC)1813238
035 _a(OCoLC)ocm01813238
035 _a(CStRLIN)NYCG82-B66529
035 _a(NNC)123772
040 _aCU
_cCU
_dNNC
050 _aGN400.H58
090 _aGN400
_b.H45
100 1 _aHerskovits, Melville J.
_q(Melville Jean),
_d1895-1963.
_925832
245 1 0 _aMan and his works :
_bthe science of cultural anthropology /
_cMelville J. Herskovits.
260 _aNew York :
_bKnopf,
_cc1948.
300 _axviii, 678, xxxvii p., [10] leaves of plates :
_bill. ;
_c25 cm.
500 _aIncludes index.
500 _aIssued with various printing dates.
500 _aA Borzoi book.
504 _aBibliography: p. 659-678.
650 0 _aPrimitive societies.
_917090
650 0 _aAnthropology.
_925833
942 _2lcc
_cMONOGRAPH
999 _c125245
_d125245